000 00446nam a2200181Ia 4500
005 20250326142502.0
008 250326s9999 xx 000 0 und d
037 _aTextbook
040 _aFMSL
_beng
_cFMSL
041 _aeng
_2eng
084 _qFMSL
100 _aJackson P Z
_9742411
245 0 _aIMPRO Learning
_cJackson P Z
260 _aU S A
_bU S A, Blackwell
_c1999
300 _a397p
942 _cTB
999 _c1295249
_d1295249